000 00556nam a2200181Ia 4500
008 100917s9999 xx 000 0 und d
082 _b44481
100 _aमधुकर
245 _aघटा घटाचे रूप आगळे
260 _bमेनका प्रकाशन
_c1968
300 _a135
365 _b4.5
520 _aकादंबरी
630 _aघटा घटाचे रूप आगळे
650 _aकादंबरी
730 _aघटा घटाचे रूप आगळे
942 _cBOOK
999 _c649875
_d649872